000 00856nam a22002057a 4500
003 NALT
005 20251125233054.0
008 s2553 th tha d
040 _aNALT
041 _atha
086 _aอศ
_zส979อ 2553
245 1 0 _aอนุสรณ์งานพระราชทานเพลิงศพ คุณครูโสภณ เหลืองทองคำ
260 3 _aราชบุรี :
_bธรรมรักษ์การพิมพ์,
_c2553
300 _a119 หน้า :
_b ภาพประกอบ ;
_c 26 ซม.
650 0 4 _aโสภณ เหลืองทองคำ -- ชีวประวัติ
850 _aNALT
856 4 0 _uhttps://hdl.handle.net/20.500.14156/334933
942 _cCRE
_2lcc
999 _c61149
_d61149
998 _j1020
_k จำเรียง ระวังสำโรง